=LDR 00000nam 2200000 4500 =001 INLIS000000000047894 =005 20211022091059 =035 ##$$a 0010-031600000000007 =008 211022################g##########0#ind## =020 ##$$a 979-8321-04-9 =082 ##$$a 2x7.42 =090 ##$$a 2x7.42 Mad i =100 ##$$a Madjid, Dr. Nurcholish =245 1#$$a Islam agama kemanusiaan : $b Membangun tradisi dan Isi baru islam Indonesia /$c Dr. Nurcholish Madjid =260 ##$$a Jakarta :$b Yayasan Wakaf Paramadina,$c 1995 =300 ##$$a xxi; 222 hlm ; $c 21 x 14 cm. =084 ##$$a 2x7.42 MAD i =250 ##$$a cet.1 =500 ##$$a Biografi hlm.224 =650 #4$$a Agama Islam =990 ##$$a 0001/BPAP-NTB/2016 =990 ##$$a 00089272